[Event "CZE-chT1W 2425"]
[Site "Czech Republic"]
[Date "2024.10.20"]
[Round "1.3"]
[White "Skypala, Ondrej"]
[Black "Cerveny, Martin"]
[Result "1/2-1/2"]
[WhiteElo "2234"]
[BlackElo "2329"]
[PlyCount "104"]
[EventDate "2024.10.20"]
[EventType "team-tourn"]
[EventRounds "11"]
[EventCountry "CZE"]
[SourceTitle "CB45_2024"]
[Source "ChessBase"]
[SourceDate "2024.11.06"]
[SourceVersion "1"]
[SourceVersionDate "2024.11.06"]
[SourceQuality "1"]
[WhiteTeam "Neratovice"]
[BlackTeam "Lysa nad Labem II"]
[WhiteTeamCountry "CZE"]
[BlackTeamCountry "CZE"]

1. c4 Nf6 2. g3 e5 3. Bg2 Bc5 4. Nc3 0-0 5. d3 c6 6. Nf3 Qe7 7. 0-0 h6 8. a3 d5 9. cxd5 cxd5 10. d4 exd4 11. Nxd4 Rd8 12. b4 Bxd4 13. Qxd4 Nc6 14. Qc5 Qxc5 15. bxc5 Bf5 16. Rd1 d4 17. Nb5 Be4 18. Bb2 Bxg2 19. Kxg2 Ne4 20. Rac1 Rac8 21. f3 a6 22. Nxd4 Nxd4 23. Rxd4 Rxd4 24. Bxd4 Ng5 25. e4 Ne6 26. Be3 Rd8 27. c6 bxc6 28. Rxc6 Rd3 29. Bc1 a5 30. f4 Rb3 31. Rc4 f6 32. Kf2 Kf7 33. f5 Nd8 34. Rc7+ Kf8 35. h4 Nf7 36. Ra7 Ne5 37. Ke2 Rxg3 38. Rxa5 Rg2+ 39. Kf1 Rg4 40. Ra4 Rxh4 41. Be3 Kg8 42. Kg2 Rg4+ 43. Kh3 h5 44. Rb4 Kh7 45. a4 Nd3 46. Rc4 Ne5 47. Rb4 h4 48. Bf2 Kh6 49. Bxh4 Kh5 50. Bg3 Nf3 51. Bd6 Ng5+ 52. Kh2 Nf3+ 1/2-1/2

[Event "CZE-ch U18"]
[Site "Jaromerice nad Rokytnou"]
[Date "2024.03.13"]
[Round "8"]
[White "Vilimek, Vit"]
[Black "Skypala, Ondrej"]
[Result "0-1"]
[WhiteElo "2061"]
[BlackElo "2234"]
[PlyCount "162"]
[EventDate "2024.03.10"]
[EventType "tourn"]
[EventRounds "11"]
[EventCountry "CZE"]
[SourceTitle "EXT 2025"]
[Source "ChessBase"]
[SourceDate "2024.10.14"]
[SourceVersion "1"]
[SourceVersionDate "2024.10.14"]
[SourceQuality "1"]

1. e4 c5 2. Nf3 Nc6 3. d4 cxd4 4. Nxd4 Nf6 5. Nc3 e5 6. Ndb5 d6 7. Bg5 a6 8. Na3 b5 9. Nab1 Be6 10. a4 b4 11. Nd5 Be7 12. Bxf6 Bxf6 13. Bc4 0-0 14. 0-0 Bg5 15. Qd3 a5 16. c3 bxc3 17. bxc3 Kh8 18. Na3 f5 19. f3 Nb8 20. Bb5 Nd7 21. Bxd7 Qxd7 22. Nb5 Rad8 23. Nbc7 fxe4 24. fxe4 Bg8 25. h3 Rf7 26. Rf2 Rxf2 27. Qe2 Rf1+ 28. Qxf1 Rc8 29. Nb5 Qc6 30. Qf5 Qc5+ 31. Kh1 h6 32. Nxd6 Rb8 33. Nf7+ Bxf7 34. Qxf7 Rf8 35. Qe6 Qc4 36. Qxe5 Rf2 37. Re1 Bh4 38. Ne3 Qxa4 39. Rb1 Qa2 40. Rb8+ Kh7 41. Rb7 Bf6 42. Qg3 Bxc3 43. Kh2 Rf7 44. Rb6 Qf2 45. Qg6+ Kh8 46. Rb8+ Rf8 47. Qd6 Bb4 48. Rxf8+ Qxf8 49. Qxf8+ Bxf8 50. Nd5 Bd6+ 51. Kg1 a4 52. Nc3 a3 53. Kf2 Kg8 54. Ke3 Kf7 55. Kd4 Ke6 56. Na2 Be5+ 57. Kc4 Bf6 58. Kd3 Ke5 59. g3 Kd6 60. Kc4 Ke5 61. Kd3 Be7 62. Ke3 Bd6 63. Nc1 Bc5+ 64. Kd3 Bf2 65. g4 Bh4 66. Na2 Bf6 67. Ke3 Bg5+ 68. Kd3 Kf4 69. Nb4 Bf6 70. Na2 Kg3 71. Ke3 Be5 72. Nb4 Kxh3 73. Kf3 Kh4 74. Na2 g5 75. Nb4 h5 76. gxh5 g4+ 77. Ke3 Kxh5 78. Kf2 Kg5 79. Ke3 Kh4 80. Kf2 Kh3 81. Kg1 Bd4+ 0-1

[Event "CZE-ch U18"]
[Site "Jaromerice nad Rokytnou"]
[Date "2024.03.12"]
[Round "6"]
[White "Seidl, Jan1"]
[Black "Skypala, Ondrej"]
[Result "1-0"]
[WhiteElo "2230"]
[BlackElo "2234"]
[PlyCount "69"]
[EventDate "2024.03.10"]
[EventType "tourn"]
[EventRounds "11"]
[EventCountry "CZE"]
[SourceTitle "EXT 2025"]
[Source "ChessBase"]
[SourceDate "2024.10.14"]
[SourceVersion "1"]
[SourceVersionDate "2024.10.14"]
[SourceQuality "1"]

1. d4 Nf6 2. c4 e6 3. g3 Bb4+ 4. Nd2 0-0 5. Bg2 c5 6. dxc5 Bxc5 7. e3 Nc6 8. Ngf3 a5 9. 0-0 a4 10. a3 d6 11. b4 axb3 12. Nxb3 Bb6 13. Bb2 Na5 14. Nxa5 Rxa5 15. Nd4 Qe7 16. a4 Rd8 17. Qb3 Bxd4 18. Bxd4 Rh5 19. Rad1 e5 20. Bb6 Re8 21. Qb4 Ng4 22. Qxd6 Qg5 23. f4 Qh6 24. Qe7 Qe6 25. Qxe6 Bxe6 26. h3 Nf6 27. g4 Rh4 28. c5 Bc4 29. Bxb7 Bxf1 30. Kxf1 Rxh3 31. c6 exf4 32. c7 fxe3 33. Rd8 e2+ 34. Ke1 Rb3 35. Rxe8+ 1-0

[Event "CZE-ch U18"]
[Site "Jaromerice nad Rokytnou"]
[Date "2024.03.10"]
[Round "2"]
[White "Hak, David"]
[Black "Skypala, Ondrej"]
[Result "0-1"]
[WhiteElo "2283"]
[BlackElo "2234"]
[PlyCount "168"]
[EventDate "2024.03.10"]
[EventType "tourn"]
[EventRounds "11"]
[EventCountry "CZE"]
[SourceTitle "EXT 2025"]
[Source "ChessBase"]
[SourceDate "2024.10.14"]
[SourceVersion "1"]
[SourceVersionDate "2024.10.14"]
[SourceQuality "1"]

1. e4 b6 2. d4 e6 3. Nc3 Bb7 4. Nf3 Bb4 5. Bd3 Nf6 6. e5 Ne4 7. 0-0 Nxc3 8. bxc3 Bxc3 9. Rb1 Bd5 10. Bg5 Qc8 11. Qc1 h6 12. Bd2 Bxd2 13. Nxd2 Bxa2 14. Rb2 Bd5 15. f4 Bb7 16. Qe1 Nc6 17. Qg3 Ne7 18. c4 0-0 19. Ne4 Bxe4 20. Bxe4 c6 21. Bb1 f5 22. Qf3 Qe8 23. g3 Qf7 24. Rg2 b5 25. cxb5 cxb5 26. Ba2 Nd5 27. g4 fxg4 28. Rxg4 Ne7 29. Kh1 Kh8 30. Rfg1 Nf5 31. Bb1 Nxd4 32. Qd3 Nf5 33. Rxg7 Qh5 34. Rxd7 Rg8 35. Rxg8+ Rxg8 36. Rd8 Qh4 37. Rxg8+ Kxg8 38. Ba2 Ng7 39. Qf1 Kf7 40. Bb3 Nh5 41. Qxb5 Qe1+ 42. Kg2 Qe4+ 43. Kg1 Qe1+ 44. Kg2 Qe4+ 45. Kg1 Nxf4 46. Qd7+ Kg6 47. Qe8+ Kf5 48. Qf8+ Kxe5 49. Qh8+ Kd6 50. Qb8+ Ke7 51. Qc7+ Kf6 52. Qd8+ Ke5 53. Qh8+ Kf5 54. Qf8+ Kg5 55. Qe7+ Kg4 56. Qg7+ Ng6 57. Qc3 Kg5 58. Qd2+ Qf4 59. Qd8+ Qf6 60. Qa5+ Qf5 61. Qd8+ Kg4 62. Qd1+ Kh4 63. Qe1+ Kg5 64. Bxe6 Qc5+ 65. Kh1 Kf6 66. Bh3 Nf4 67. Qh4+ Qg5 68. Qxg5+ Kxg5 69. Bd7 a5 70. Kg1 Nd3 71. Kf1 Kf4 72. Ke2 Ne5 73. Be6 Nf3 74. Kd3 Nxh2 75. Bf7 Nf3 76. Kc3 Ne5 77. Be8 Kg5 78. Kb3 h5 79. Bb5 h4 80. Bf1 Kg4 81. Ka4 Kg3 82. Kxa5 Ng4 83. Bd3 h3 84. Kb4 Ne3 0-1

[Event "CZE-ch U18"]
[Site "Jaromerice nad Rokytnou"]
[Date "2024.03.10"]
[Round "4"]
[White "Jares, Michal"]
[Black "Skypala, Ondrej"]
[Result "1/2-1/2"]
[WhiteElo "2347"]
[BlackElo "2234"]
[PlyCount "133"]
[EventDate "2024.03.10"]
[EventType "tourn"]
[EventRounds "11"]
[EventCountry "CZE"]
[SourceTitle "EXT 2025"]
[Source "ChessBase"]
[SourceDate "2024.10.14"]
[SourceVersion "1"]
[SourceVersionDate "2024.10.14"]
[SourceQuality "1"]

1. Nf3 Nf6 2. g3 b5 3. Bg2 Bb7 4. 0-0 e6 5. b3 c5 6. c4 a6 7. Bb2 Be7 8. e3 0-0 9. d4 cxd4 10. exd4 d6 11. Nbd2 Nbd7 12. Rc1 Qa5 13. Qc2 Rab8 14. Bc3 b4 15. Bb2 Qh5 16. Qd1 Ne4 17. Nxe4 Bxe4 18. Ne5 Qxd1 19. Rfxd1 dxe5 20. Bxe4 exd4 21. Bxd4 Nc5 22. Bf3 Rfd8 23. Kf1 f6 24. Ke2 Kf8 25. Be3 Ke8 26. Bf4 Rbc8 27. Be3 Rb8 28. Bc6+ Kf7 29. Rxd8 Rxd8 30. Rc2 Rc8 31. Bxc5 Bxc5 32. Bb7 Rd8 33. Bxa6 Rd7 34. f4 Ke7 35. Kf1 Rd1+ 36. Ke2 Rd7 37. Kf3 Rd3+ 38. Kg4 Kd7 39. Re2 Rd1 40. Bb5+ Kd6 41. Be8 e5 42. Bf7 exf4 43. gxf4 Bd4 44. Bg8 Rg1+ 45. Kf5 h5 46. Bf7 Rf1 47. Ke4 Kc5 48. Bxh5 g5 49. fxg5 fxg5 50. Kd3 Rd1+ 51. Kc2 Ra1 52. Re8 Rxa2+ 53. Kd3 Rxh2 54. Rc8+ Kd6 55. Kxd4 Rh4+ 56. Kd3 Rxh5 57. Rb8 Rh3+ 58. Kc2 Rh2+ 59. Kd1 Kc5 60. Rb5+ Kd4 61. Rxb4 Kd3 62. Ke1 Ke3 63. Kf1 Kf3 64. Kg1 Rc2 65. Rb8 g4 66. Rf8+ Kg3 67. Rf1 1/2-1/2

[Event "Ricany op"]
[Site "Ricany"]
[Date "2023.08.27"]
[Round "3"]
[White "Madle, Robin"]
[Black "Skypala, Ondrej"]
[Result "0-1"]
[WhiteElo "1899"]
[BlackElo "2132"]
[PlyCount "119"]
[EventDate "2023.08.26"]
[EventType "swiss"]
[EventRounds "9"]
[EventCountry "CZE"]
[SourceTitle "CBM 216 Extra"]
[Source "ChessBase"]
[SourceDate "2023.11.30"]
[SourceVersion "1"]
[SourceVersionDate "2023.11.30"]
[SourceQuality "1"]

1. c4 Nf6 2. Nc3 e6 3. g3 Bb4 4. Bg2 0-0 5. Nf3 d5 6. cxd5 exd5 7. d4 c6 8. 0-0 Re8 9. e3 Nbd7 10. Bd2 Bd6 11. a3 Ne4 12. b4 a6 13. Ne1 Ndf6 14. Nd3 Bf5 15. Nc5 Qe7 16. N5xe4 dxe4 17. Bc1 Qe6 18. Bb2 Rad8 19. Qd2 Bh3 20. Rad1 Bb8 21. a4 Nd5 22. b5 axb5 23. axb5 cxb5 24. Nxb5 Qf5 25. Nc3 Bxg2 26. Kxg2 Re6 27. Nxd5 Rxd5 28. Qe2 Rh6 29. Kg1 Qh3 30. f4 g5 31. Rd2 Bd6 32. Qc4 Qf5 33. Rc2 gxf4 34. Qc8+ Qxc8 35. Rxc8+ Kg7 36. gxf4 Rb5 37. Rf2 Rb3 38. Rd8 Rg6+ 39. Kf1 Be7 40. Rd7 Bh4 41. d5+ Kf8 42. Re2 Rgb6 43. Bd4 Rb1+ 44. Kg2 Rg6+ 45. Kh3 Ke8 46. Rc7 Bd8 47. Rcc2 Rbg1 48. Rg2 Rh6+ 49. Kg4 Rg6+ 50. Kh3 R6xg2 51. Rxg2 Rxg2 52. Kxg2 Kd7 53. Bc5 f6 54. Bd4 Kd6 55. f5 Kxd5 56. Kh3 b5 57. Kg4 b4 58. Kh5 b3 59. Kh6 Bb6 60. h4 0-1

[Event "Ricany op 20th"]
[Site "Ricany"]
[Date "2022.09.03"]
[Round "9"]
[White "Horak, Jan"]
[Black "Skypala, Ondrej"]
[Result "1/2-1/2"]
[WhiteElo "2155"]
[BlackElo "2140"]
[PlyCount "102"]
[EventDate "2022.08.27"]
[EventType "swiss"]
[EventRounds "9"]
[EventCountry "CZE"]
[SourceTitle "CBM 210 Extra"]
[Source "ChessBase"]
[SourceDate "2022.11.30"]
[SourceVersion "1"]
[SourceVersionDate "2022.11.30"]
[SourceQuality "1"]

1. d4 e6 2. Nf3 Nf6 3. e3 b6 4. Bd3 Bb7 5. Nbd2 c5 6. 0-0 Nc6 7. a3 Be7 8. b3 0-0 9. Bb2 Rc8 10. Qe2 d5 11. Ne5 Nd7 12. f4 f5 13. Nxd7 Qxd7 14. Nf3 Bf6 15. Rfd1 Na5 16. Bb5 Qc7 17. Rac1 c4 18. b4 Nc6 19. Bxc6 Bxc6 20. Bc3 Be8 21. Ne5 Kh8 22. Ra1 b5 23. Kf2 g5 24. g3 Qg7 25. Rg1 Qh6 26. Ke1 Rd8 27. Kd2 Rg8 28. Kc1 Bh5 29. Qf2 Rg7 30. Kb2 Rdg8 31. Rae1 Be8 32. Qd2 Bd8 33. Nf3 Bh5 34. Ne5 Qf6 35. Qf2 Be8 36. Nf3 h6 37. Qd2 g4 38. Nh4 Qf8 39. Qe2 a5 40. bxa5 Ra7 41. Bb4 c3+ 42. Kxc3 Bxa5 43. Kb3 Qf7 44. Qd2 Qc7 45. Qc3 Bc6 46. Ra1 Kh7 47. Ng2 Rga8 48. Rgb1 Bxb4 49. axb4 Ra4 50. Rxa4 bxa4+ 51. Ka3 Qd7 1/2-1/2

[Event "Ricany op 20th"]
[Site "Ricany"]
[Date "2022.09.02"]
[Round "8"]
[White "Skypala, Ondrej"]
[Black "Vojta, Jakub"]
[Result "0-1"]
[WhiteElo "2140"]
[BlackElo "2313"]
[PlyCount "70"]
[EventDate "2022.08.27"]
[EventType "swiss"]
[EventRounds "9"]
[EventCountry "CZE"]
[SourceTitle "CBM 210 Extra"]
[Source "ChessBase"]
[SourceDate "2022.11.30"]
[SourceVersion "1"]
[SourceVersionDate "2022.11.30"]
[SourceQuality "1"]

1. e4 c5 2. c4 Nc6 3. Nc3 g6 4. g3 Bg7 5. Bg2 d6 6. d3 Nf6 7. Nge2 0-0 8. 0-0 a6 9. a4 Rb8 10. h3 Ne8 11. Be3 Nc7 12. Qd2 Ne6 13. Rab1 Ned4 14. Kh2 Be6 15. Nd5 b5 16. axb5 axb5 17. Nxd4 Nxd4 18. b4 bxc4 19. dxc4 Qd7 20. bxc5 Nb3 21. Qd3 Nxc5 22. Bxc5 dxc5 23. f4 Bd4 24. Rb5 Rxb5 25. cxb5 Ra8 26. Qc4 Ra3 27. b6 Ra4 28. b7 Rxc4 29. b8Q+ Kg7 30. Nb6 Qb5 31. f5 Rc2 32. Qf4 Qxb6 33. fxe6 Qxe6 34. h4 Be5 35. Qg5 f6 0-1

[Event "Ricany op"]
[Site "Ricany"]
[Date "2020.08.29"]
[Round "9"]
[White "Horak, Jan"]
[Black "Skypala, Ondrej"]
[Result "1/2-1/2"]
[WhiteElo "2029"]
[BlackElo "2129"]
[PlyCount "41"]
[EventDate "2020.08.22"]
[EventType "swiss"]
[EventRounds "9"]
[EventCountry "CZE"]
[SourceTitle "CBM 198 Extra"]
[Source "ChessBase"]
[SourceDate "2020.11.30"]
[SourceVersion "1"]
[SourceVersionDate "2020.11.30"]
[SourceQuality "1"]

1. d4 Nf6 2. g3 e6 3. c4 d5 4. Nf3 Nbd7 5. Bg2 Be7 6. 0-0 0-0 7. Qc2 Re8 8. Nc3 c6 9. b3 a6 10. a4 Qc7 11. Bf4 Bd6 12. Bxd6 Qxd6 13. e4 dxe4 14. Nxe4 Nxe4 15. Qxe4 Nf6 16. Qe5 Qb4 17. Qe2 Bd7 18. Ne5 Rad8 19. Rfd1 Bc8 20. Rab1 Rd6 21. Nd3 1/2-1/2